[Event "NRW Verbandsklasse Group2 1314"]
[Site "Nordrheinwestfalen"]
[Date "2013.11.03"]
[Round "3.3"]
[White "Seitz, Simon"]
[Black "Sokalskaja, Elena"]
[Result "0-1"]
[WhiteElo "1961"]
[BlackElo "1926"]
[PlyCount "70"]
[EventDate "2013.09.08"]
[EventType "team-tourn"]
[EventRounds "9"]
[EventCountry "GER"]
[SourceTitle "EXT 2020"]
[Source "ChessBase"]
[SourceDate "2019.10.17"]
[SourceVersion "1"]
[SourceVersionDate "2019.10.17"]
[SourceQuality "1"]
[WhiteTeam "Dortmund Hansa III"]
[BlackTeam "Muelheim Nord IV"]
[WhiteTeamCountry "GER"]
[BlackTeamCountry "GER"]

1. c4 Nf6 2. Nc3 d5 3. cxd5 Nxd5 4. Nf3 g6 5. e4 Nxc3 6. bxc3 Bg7 7. Bc4 c5 8. 0-0 Nc6 9. Bb2 0-0 10. d4 Bg4 11. d5 Ne5 12. Be2 Bxf3 13. gxf3 g5 14. Qc1 Qb6 15. Rb1 Qh6 16. c4 b6 17. Kh1 Kh8 18. Rg1 Bf6 19. Rg3 Rg8 20. a4 Rg6 21. Qe3 Qg7 22. f4 gxf4 23. Qxf4 Rxg3 24. Qxg3 Ng6 25. Bc1 Rg8 26. f4 Bh4 27. Qh3 Bf2 28. Qf1 Bd4 29. h3 Nh4 30. Bg4 Qf6 31. e5 Bxe5 32. Qe1 Bd4 33. Be3 Ng6 34. f5 Ne5 35. Bxd4 cxd4 0-1

[Event "Ruhrgebiet Verbandsliga1 1213"]
[Site "Nordrheinwestfalen"]
[Date "2013.02.03"]
[Round "6.8"]
[White "Seitz, Simon"]
[Black "Wichtrup, Jan Louis"]
[Result "1-0"]
[WhiteElo "1961"]
[BlackElo "1700"]
[PlyCount "99"]
[EventDate "2012.09.02"]
[EventType "team-tourn"]
[EventRounds "9"]
[EventCountry "GER"]
[SourceTitle "EXT 2020"]
[Source "ChessBase"]
[SourceDate "2019.10.17"]
[SourceVersion "1"]
[SourceVersionDate "2019.10.17"]
[SourceQuality "1"]
[WhiteTeam "Dortmund Hansa III"]
[BlackTeam "Dortmund SV"]
[WhiteTeamCountry "GER"]
[BlackTeamCountry "GER"]

1. d4 Nf6 2. Nf3 d5 3. g3 e6 4. Bg2 Bd6 5. 0-0 Nbd7 6. Bf4 Bxf4 7. gxf4 0-0 8. Nbd2 Ne4 9. Nxe4 dxe4 10. Ng5 Kh8 11. e3 h6 12. Nxe4 Qh4 13. Qf3 Nf6 14. Nxf6 gxf6 15. Qh3 Qxh3 16. Bxh3 Bd7 17. f3 Bc6 18. Kf2 Rg8 19. Rg1 b6 20. Rxg8+ Kxg8 21. Bf1 a5 22. a4 Rd8 23. Bc4 Rd7 24. c3 Rd8 25. e4 Kg7 26. Ke3 Kh7 27. b3 Rg8 28. Kf2 Rd8 29. Rg1 Re8 30. Ke3 Rb8 31. Kd3 Rd8 32. f5 Re8 33. fxe6 fxe6 34. Rg3 Re7 35. Ke3 Be8 36. Bd3 Bg6 37. h4 Rf7 38. Kf4 Rf8 39. Bc4 Bf7 40. d5 exd5 41. Bxd5 Bg6 42. c4 Re8 43. Rg1 Re5 44. c5 bxc5 45. Rc1 Be8 46. Bc4 Kg6 47. Rg1+ Kh5 48. Rd1 Bg6 49. Kg3 f5 50. Be2 1-0

[Event "Ruhrgebiet Verbandsliga1 1213"]
[Site "Nordrheinwestfalen"]
[Date "2012.10.28"]
[Round "3"]
[White "Wilbert, Siegfried"]
[Black "Seitz, Simon"]
[Result "1/2-1/2"]
[WhiteElo "1914"]
[BlackElo "1961"]
[PlyCount "106"]
[EventDate "2012.09.02"]
[EventType "team-tourn"]
[EventRounds "9"]
[EventCountry "GER"]
[SourceTitle "EXT 2020"]
[Source "ChessBase"]
[SourceDate "2019.10.17"]
[SourceVersion "1"]
[SourceVersionDate "2019.10.17"]
[SourceQuality "1"]
[WhiteTeam "Buer SF"]
[BlackTeam "Dortmund Hansa III"]
[WhiteTeamCountry "GER"]
[BlackTeamCountry "GER"]

1. c4 Nf6 2. Nc3 d5 3. cxd5 Nxd5 4. Nf3 c5 5. g3 Nc6 6. Bg2 g6 7. d3 Nxc3 8. bxc3 Bg7 9. Bd2 0-0 10. Qc1 Re8 11. Qa3 c4 12. d4 e5 13. e3 exd4 14. cxd4 Nxd4 15. Nxd4 Qxd4 16. Rc1 Bg4 17. Bb4 Qd7 18. 0-0 Be2 19. Rfe1 Bd3 20. Red1 Qb5 21. Bf1 Bxf1 22. Rxf1 a5 23. Bc3 Bf8 24. Qb2 Qxb2 25. Bxb2 Rec8 26. a4 Bb4 27. Bd4 Ra6 28. Rc2 Kf8 29. Rfc1 Rac6 30. Kf1 Ke7 31. Ke2 f5 32. h3 Ke6 33. g4 fxg4 34. hxg4 R8c7 35. f4 Bd6 36. Rb1 Rf7 37. Rb5 Bb4 38. Bb6 Rd7 39. f5+ Kf7 40. Bxa5 Bxa5 41. Rxa5 c3 42. e4 Rc4 43. Kf3 g5 44. Ke3 Rd1 45. Re5 Rc6 46. Rb5 b6 47. Rb3 Rc4 48. Rbxc3 Re1+ 49. Kd3 Rcxe4 50. Rc7+ Re7 51. Rxe7+ Rxe7 52. Rc6 Ra7 53. Rc4 Kf6 1/2-1/2